000 00475nam a2200181Ia 4500
001 4082
005 20260306145729.0
008 260306t1999||||xx |||||||||||||| ||spa||
041 _aESP
082 _a306.85
_bH12 Nº 47
100 _aRegadera López, Agustín
_eAUT
245 0 _a¿Es mi hijo superdotado o inteligente? :
_bpara padres y profesores
260 _c1999
300 _a252 páginas :
_c19 cm.
650 _aGEN
654 _aCED
942 _cLIB
_dJUS
_fJUS
_2ddc
_n
999 _c4082
_d4082